|
|
|
|
| LEADER |
01605nam a2200397Ia 4500 |
| 001 |
EBC3018731 |
| 003 |
MiAaPQ |
| 005 |
20200520144314.0 |
| 006 |
m o d | |
| 007 |
cr cn||||||||| |
| 008 |
090925s2010 nyua sb 001 0 eng d |
| 010 |
|
|
|z 2009036305
|
| 020 |
|
|
|z 1608761827
|
| 020 |
|
|
|z 9781608761821 (hc : alk. paper)
|
| 020 |
|
|
|z 9781611225747
|
| 035 |
|
|
|a (MiAaPQ)EBC3018731
|
| 035 |
|
|
|a (Au-PeEL)EBL3018731
|
| 035 |
|
|
|a (CaPaEBR)ebr10661669
|
| 035 |
|
|
|a (OCoLC)669520195
|
| 040 |
|
|
|a MiAaPQ
|c MiAaPQ
|d MiAaPQ
|
| 050 |
|
4 |
|a HG5692
|b .I58 2010
|
| 082 |
0 |
4 |
|a 330.9498
|2 22
|
| 245 |
0 |
0 |
|a Impact of investments on an emerging economy
|h [electronic resource] :
|b models and forecasts : the case of Romania /
|c [edited by] Cornelia Scutaru.
|
| 260 |
|
|
|a New York :
|b Nova Science Publishers,
|c c2010.
|
| 300 |
|
|
|a xi, 161 p. :
|b ill.
|
| 490 |
1 |
|
|a Economic issues, problems and perspectives series
|
| 504 |
|
|
|a Includes bibliographical references and index.
|
| 533 |
|
|
|a Electronic reproduction. Ann Arbor, MI : ProQuest, 2015. Available via World Wide Web. Access may be limited to ProQuest affiliated libraries.
|
| 650 |
|
0 |
|a Investments
|z Romania
|x Econometric models.
|
| 650 |
|
0 |
|a Economic forecasting
|z Romania
|x Econometric models.
|
| 651 |
|
0 |
|a Romania
|x Economic conditions
|y 1989-
|x Econometric models.
|
| 655 |
|
4 |
|a Electronic books.
|
| 700 |
1 |
|
|a Scutaru, Cornelia.
|
| 710 |
2 |
|
|a ProQuest (Firm)
|
| 830 |
|
0 |
|a Economic issues, problems and perspectives series.
|
| 856 |
4 |
0 |
|u https://ebookcentral.proquest.com/lib/matrademy/detail.action?docID=3018731
|z Click to View
|